| 000 | 00878cam a2200265 a 4500 | ||
|---|---|---|---|
| 001 | 3488 | ||
| 005 | 20240312151639.0 | ||
| 020 | _a0590450123 | ||
| 040 |
_aDLC _cDLC _dDLC _beng |
||
| 050 | 0 | 0 |
_aPZ7.B4513 _b1984 |
| 082 | 0 | 0 | _a306.4 |
| 100 | 1 |
_aBerger, Barbara _d1945 March 1- |
|
| 245 | 1 | 0 |
_aGrandfather Twilight / _cBarbara Berger |
| 250 | _aFirst Scholastic printing , October 1991 | ||
| 260 |
_aNew York : _bScholastic , _c1984 |
||
| 300 |
_a30 unnumbered pages : _bcolor illustrations ; _c25 cm. |
||
| 505 | _aG | ||
| 520 | _aAt the day's end, Grandfather Twilight walks in the forest to perform his evening task, bringing the miracle of night to the world. | ||
| 521 |
_a350
_bLexile |
||
| 521 |
_aG
_bRaz-Plus |
||
| 650 | 1 |
_aTwilight _xFiction |
|
| 650 | 1 |
_aNight _xFiction |
|
| 906 |
_a7 _bcbc _corignew _d1 _eocip _f19 _gy-gencatlg |
||
| 942 |
_2ddc _cBK _n0 |
||
| 999 |
_c3488 _d3488 |
||